Handbook for the trial of contract lawsuits : strategies and techniques /

Bibliographic Details
Main Author: Imwinkelried, Edward J.
Format: Book
Language:English
Published: Englewood Cliffs, N.J. : Prentice-Hall, [1981]
Subjects:

MARC

Tag First Indicator Second Indicator Subfields
LEADER 00000pam a2200000 a 4500
001 in00000073770
005 20151008054710.0
008 810504s1981 nju b 00110 eng
010 |a  81007330  
020 |a 0133826066 
035 |a (OCoLC)07553942 
035 |9 AAJ1418AM 
039 0 |a 2  |b 3  |c 3  |d 3  |e 3 
040 |a DLC  |c DLC  |d TXA  |d UtOrBLW 
043 |a n-us--- 
049 |a TXAM  |c [932983] 
050 0 0 |a KF8925.C58  |b I45 
082 0 |a 346.73/02/0269  |a 347.30620269  |2 19 
100 1 |a Imwinkelried, Edward J. 
245 1 0 |a Handbook for the trial of contract lawsuits :  |b strategies and techniques /  |c Edward J. Imwinkelried. 
264 1 |a Englewood Cliffs, N.J. :  |b Prentice-Hall,  |c [1981] 
264 4 |c ©1981 
300 |a 379 pages ;  |c 26 cm. 
336 |a text  |b txt  |2 rdacontent 
337 |a unmediated  |b n  |2 rdamedia 
338 |a volume  |b nc  |2 rdacarrier 
504 |a Includes bibliographical references and index. 
650 0 |a Contracts  |z United States  |x Trial practice. 
650 0 |a Trial practice  |z United States. 
999 |a MARS 
999 f f |s b9e9a4ab-bd88-341d-8fe0-96c3778ec5fe  |i 70872cac-a94b-39dd-a456-20d78c4db9dd  |t 0 
952 f f |p ric  |a Texas A&M University  |b Rellis Campus  |c Joint Library Facility  |d Remote Storage  |t 0  |e KF8925.C58 I45  |h Library of Congress classification  |i unmediated -- volume  |m A14806157276 
998 f f |a KF8925.C58 I45  |t 0  |l Remote Storage